00333nam a2200121Ia 4500008004100000041000800041082001600049100002100065245005400086260004000140300002400180365000700204240624s9999 xx 000 0 und d aeng a796.358 GUH aGUHA RAMACHANDRA aCORNER OF A FOREIGN FIELD THE INDIAN HISTORY OF B c2003aNew DelhibPan Macmillan Ltd. a496 : p. : cm. ; 22 cRS